Actresses With Most Oscars - Statistics

General Stats
  • This quiz has been taken 155 times
  • The average score is 12 of 21
Answer Stats
Hint Answer % Correct
1979,1982,2012 Meryl Streep
98%
1934,1968,1969,1982 Katharine Hepburn
92%
1997,2018,2021 Frances McDormand
74%
1935,1938 Bette Davis
69%
2005,2014 Cate Blanchett
66%
1989,1991 Jodie Foster
66%
1960,1966 Elizabeth Taylor
65%
1980,1984 Sally Field
60%
1969,1978 Maggie Smith
57%
1940,1951 Vivien Leigh
56%
1944,1956,1974 Ingrid Bergman
53%
2000,2005 Hilary Swank
52%
1971,1979 Jane Fonda
51%
1946,1949 Olivia De Havilland
50%
1970,1973 Glenda Jackson
48%
2004,2020 Renée Zellweger
48%
1983,1995 Jessica Lange
47%
1936,1937 Luise Rainer
33%
1932,1970 Helen Hayes
28%
1959,1965 Shelley Winters
23%
1986,1994 Dianne Wiest
22%
No matching quizzes found
Score Distribution
Percent of People with Each Score
Percentile by Number Answered
Your Score History
You have not taken this quiz